LDR 00749naa#a2200205#i#450# 001 EN\\bibl\124360 005 20260607003848.7 011 ## _a2073-1574 100 ## _a20260529b2026####ek#y0engy0150####ca 102 ## _aRU 200 1# _aDevelopment of a modified method for calculating the lifetime of rolling bearings for high-speed operating modes _eJournal article 210 1# _aAstrakhan _cAstrakhan State Technical University _d2026 215 ## _a6 с. 608 ## _aJournal article _2local 675 ## _aДетали для передачи вращения. 62-233 _z 700 #1 _aAndreev _gAleksander Ivanovich 700 #1 _aAzarov _gMaxim Vitalievich 700 #1 _aSlavin _gBoris Matveevich 700 #1 _aSemenov _gAlexander Evgenyevich 856 4# _avestnik.astu.org _u